000 00397nam a22001577a 4500
020 _a1555812082
082 _a664.001
_bDOY/FO
245 _aFood Microbiology Fundamentals And Frontiers
250 _a2
260 _aWashington, D.C
_bASM Press
_c2001
300 _a872
700 _aDoyle,Michael.P
_9446
700 _aBeuchat,Larry.R
_9447
700 _aMontville,Thomas .J
_9448
942 _cREF
999 _c14318
_d14318